| 000 | 00952nam a2200277 a 4500 | ||
|---|---|---|---|
| 001 | 000006485 | ||
| 003 | DO-SdBNP | ||
| 005 | 20240919134112.0 | ||
| 008 | 090831s1985 dr c 000 p spa d | ||
| 040 |
_aDO-SdBNP _bspa _cBNPHU |
||
| 082 | 4 |
_aRD861.44 _bM647f |
|
| 100 | 1 |
_aMiller, Jeannette, _d1944- _983484 |
|
| 245 | 1 | 0 |
_aFichas de identidad : poemas ; _bEstadias : poemas / _cJeannette Miller. |
| 260 |
_aSanto Domingo : _bTaller, _c1985. |
||
| 300 |
_a83, 79 p. : _bil., retrs. ; _c21 cm. |
||
| 490 | 0 |
_aBiblioteca Taller _v199-200 |
|
| 501 | _aPublicado con: Estadias : poemas | ||
| 563 | _aDos obras con paginación separada en encuadernación invertida. | ||
| 590 | _aInventariado, 2023/MFF | ||
| 650 | 4 |
_aPoesía dominicana _966 |
|
| 650 | 4 |
_aLiteratura dominicana. _967 |
|
| 700 | 1 |
_aMiller, Jeannette, _d1944 _tEstadias : poemas _917967 |
|
| 740 | 0 | _aEstadias : poemas | |
| 910 | _aValidado. Control de calidad MFF | ||
| 942 |
_2ddc _cLBS1 |
||
| 999 |
_c6276 _d6276 |
||